000 00728nam a2200229Ii 4500
003 JO-AjNU
008 230605s9999||||xx |||||||||||||| ||und||
017 _a1988/11/664
040 _aJO-AjNU
_bara
_erda
_cJO-AjNU
041 _aara
050 1 4 _aPJ7824.A54.J36 1988
100 3 _aتأليف حسني،فريد,
_eauthor
_920847
245 0 0 _aجنة الحب
250 _aط1
264 3 1 _aعمان:وزارة الثقافة،1988
300 _a152ص
336 _atext
_btxt
_2rdacontent
337 _aunmediated
_bn
_2rdamedia
338 _avolume
_bnc
_2rdacarrier
490 0 _aسلسلة منشورات وزارة الثقافة والتراث القومي (7)
650 4 _aالأدب العربي - قصص
_920848
999 _aA7142
_c10710
_d10710